00878nam a22002534a 450000500170000000800410001701000140005802000260007203500130009803700150011104000180012608200110014410000200015524500450017526000380022027000590025830000260031750000410034365000290038465000260041394200250043999900170046495201430048120080729164931.0080416s2008 waua 001 0 eng  aENG-91463 a9788131304938c395.00 aEN-74996 bDBAD / PUB aDPLbEnglish  a370.15 aJahitha Begum  aLearning experience /cby Jahitha Begum  aNew Delhi bAPH Publishing c2009 a4435-36/7, Ansari Road, Daryaganj,bNew Delhi e110002 av, 147p. c23 cm (Hb) aIncludes bibliographical references  aLearning, Psychology of  aCognition in children 2ddccENmJAHh370.15 c17419d17419 00102ddc40718NFICaDBADbDBADd2008-11-03eDBAD / PUBg395.00l0o370.15 JAHpEN-74996r2008-11-03 00:00:00t1v395.00w2008-11-03yEN